| 000 | | | 05176nac2a22003251x 450 |
| 001 | | | d57a78ad-b0b1-4e8f-be75-266f7f1b0f6c |
| 005 | | | 20131126172024.0 |
| 100 | ## | $a | 20130529l1905 k y0rusy50 ca |
| 101 | 0# | $a | rus |
| 102 | ## | $a | RU |
| 105 | ## | $a | y z ||||| |
| 200 | 1# | $a | Листовка. "Товарищи! Еще несколько дней и настанет время выборов в первый русский парламент..." (Обращение группы приказчиков - членов кадетской партии к приказчикам и служащим в торгово-промышленных предприятиях с призывом голосовать за список кандидатов от кадетской партии). "Товарищи! Приближаются выборы..." |
| | $j | [1906] |
| 215 | ## | $a | 19 листов |
| 251 | ## | $c | Дело |
| 300 | ## | $a | Заголовок дела на папке: Петербургский комитет партии "Народной свободы". Предвыборная листовка кадетской партии к служащим в торгово-промышленных заведениях и ко всем представителям труда. "Россия готовится к выборам в Государственную думу..." [с изложением предвыборной платформы партии и критикой торгово-промышленного союза и партии, с призывом присоединяться к партии] |
| 300 | ## | $a | Даны петербургские адреса районных бюро партии |
| 300 | ## | $a | Отпечатано в электропечатне Я. Левенштейна в С.-Петербурге |
| 300 | ## | $a | 19 экземпляров |
| 300 | ## | $a | Листы 7, 13: надорваны |
| 300 | ## | $a | Документы напечатаны типографским способом |
| 330 | ## | $a | IV. Предвыборные листовки, афиши, объявления кадетской партии; списки кандидатов в Государственную Думу и Учредительное собрание |
| 461 | #0 | $1 | 0011d649a3b-ccdf-484e-a423-ec64c785c8ed |
| | $1 | 2001 |
| | $a | Партия народной свободы (кадеты) |
| | $1 | 251 |
| | $c | Фонд |
| | $1 | 852 |
| | $j | 523 |
| 462 | #0 | $1 | 0018b9e8422-dd9e-4ea7-b938-3dc971685134 |
| | $1 | 2001 |
| | $a | Партия народной свободы (кадеты). 1905-1917 гг. |
| | $1 | 251 |
| | $c | Опись |
| | $1 | 852 |
| | $j | 2 |
| 517 | ## | $a | Петербургский комитет партии "Народной свободы". Предвыборная листовка кадетской партии к служащим в торгово-промышленных заведениях и ко всем представителям труда. "Россия готовится к выборам в Государственную думу..." [с изложением предвыборной платформы партии и критикой торгово-промышленного союза и партии, с призывом присоединяться к партии] |
| 601 | 02 | $3 | RU\NLR\AUTH\661232767 |
| | $a | Конституционно-демократическая партия |
| 601 | 02 | $a | Партия Народной Свободы. Петербургский комитет |
| 601 | 01 | $3 | RU\NLR\AUTH\8810039162 |
| | $a | Россия |
| | $b | Государственная Дума |
| 801 | #0 | $a | RU |
| | $b | GA_RF |
| 801 | #1 | $a | RU |
| | $b | НПО Опыт |
| | $c | 20130529 |
| | $2 | rusmarc |
| 801 | #2 | $a | RU |
| | $b | ПБ им. Б.Н. Ельцина |
| | $c | 20131126 |
| | $g | RCR |
| | $2 | rusmarc |
| 852 | ## | $a | ГА РФ |
| | $j | 169 |
| 937 | ## | $d | 42062659 |
| | $h | ПБ |
| 035 | ## | $a | RuPRLIB51000060 |